000 02973cam a2200289 4500500
005 20260208010414.0
041 _afre
042 _adc
100 1 0 _aFerlampin-Acher, Christine
_eauthor
245 0 0 _aFausse créance, mauvaise loi et conversion dans Perlesvaus
260 _c2005.
500 _a50
520 _aDans Perlesvaus, roman en prose du XIIIe siècle, l’opposition entre l’Ancienne et la Nouvelle Loi est très présente. A partir de la représentation des adversaires de la Chrétienté, Juifs, Sarrasins, païens, confondus dans la même altérité diabolique, l’unité de Perlesvaus se construit autour de l’idée de conversion, sans qu’un arrière-plan idéologique ferme soit discernable (contrairement à ce que l’on a dans La Queste del Saint Graal avec laquelle Perlesvaus est fréquemment comparé). La notion de « conversion » serait dans ce roman plus de l’ordre de l’image obsessionnelle que de la réflexion spirituelle: en dépit de leur présence notable dans la deuxième partie du roman, les conversions restent limitées, ce que l’on pourrait rapprocher du fait que ce récit constitue une impasse pour le roman arthurien en prose, qui se développera moins à partir d’un Perlesvaus, resté, ce qui est étrange pour un texte aussi ancien, sans postérité, qu’à partir du Merlin en prose attribué à Robert de Boron
520 _aChr. FERLAMPIN-ACHER, False Debt, Bad Faith, and Conversion in Perlesvaus. In Perlesvaus, a 13th century prose romance, the opposition between the Old and the New Dispensation is pervasive. Presenting as it does all the enemies of Christianity – whether Jews, Sarracens, or Pagans – as part of the same diabolic otherness, Perlesvaus bases its unity on the notion of conversion, without any definite ideological background being perceptible (contrary to what happens in the Queste del Saint Graal, a romance with which Perlesvaus is often compared). In this romance the notion of « conversion» would be more of an obsessional image than related to some spiritual consideration : indeed, striking though they may be, conversions in the second part of the romance are not numerous, which can be related to the idea that this romance is something of a deadend since Arthurian prose romances would not develop from Perlesvaus (which strangely enough for such an early work was not to have any posterity) but from the prose romance Merlin attributed to Robert of Boron.
690 _achristianisation
690 _amerveilleux
690 _apaganisme
690 _aromans en prose du Moyen Âge
690 _atranslation
690 _aintroduction of christianity
690 _amarvellous
690 _amedieval prose romances
690 _apaganism
690 _atranslatio
786 0 _nLe Moyen Age | CXI | 2 | 2005-09-01 | p. 293-312 | 0027-2841
856 4 1 _uhttps://shs.cairn.info/revue-le-moyen-age-2005-2-page-293?lang=fr&redirect-ssocas=7080
999 _c1656391
_d1656391